SpongeBob SquarePants Locations Quiz Stats

Quiz Updated Feb 1, 2015

Challenge
Share
Tweet
Score 0/15 Timer 06:00
1 Play Today
Number Location % Correct
SpongeBob's House
91.8%
Krusty Krab
89.8%
Patrick's House
89.3%
Squidward's House
88%
Chum Bucket
87.8%
Sandy's House
86.3%
Bikini Bottom
83.4%
Jellyfish Fields
82%
Number Location % Correct
Mr. Krabs & Pearl's House
80.5%
Bikini Bottom Hospital
78.9%
Mrs Puff's Boating School
65.3%
Goo Lagoon
51.2%
Barg'N'Mart
26.9%
Shady Shoals Retirement Home
22.1%
New Kelp City
9.4%

You're not logged in!

Compare scores with friends on all Sporcle quizzes.
Join for Free
OR
Log In

You Might Also Like...

Show Comments

Extras

Top Quizzes Today


Score Distribution

Your Account Isn't Verified!

In order to create a playlist on Sporcle, you need to verify the email address you used during registration. Go to your Sporcle Settings to finish the process.

Report this User

Report this user for behavior that violates our Community Guidelines.

Details: